000 00190nam a2200109Ia 4500
100 _a#N/A
942 _cBK
245 _aOpen SUSE 12.3
260 _b#N/A
546 _aENGLISH
999 _c32924
_d32924